000 00525nam a2200217Ia 4500
005 20250425162309.0
008 250425s9999 xx 000 0 und d
020 _a0073404977
041 _aeng
082 _a658.11
100 _aROBERTS, MICHAEL J.
245 0 _aNEW BUSINESS VENTURES THE ENTREPRENEUR
250 _a6TH ED.
260 _aEstados Unidos
_bMCGRAW-HILL IRWIN
_c2006
260 _aNEW YORK
300 _a697
650 _aNEGOCIOS
710 _aMCGRAW-HILL IRWIN
942 _c01
010 _a60166
999 _c226301
_d226301